The pearson guide to Quantitative aptitudefor competitive examinations / (Record no. 76082)

MARC details
000 -LEADER
fixed length control field 00891nam a22002417a 4500
005 - DATE AND TIME OF LATEST TRANSACTION
control field 20130528155412.0
008 - FIXED-LENGTH DATA ELEMENTS--GENERAL INFORMATION
fixed length control field 080826t xxu||||| |||| 00| 0 eng d
010 ## - LCCN (DPL NO)
LC control number B-506584-585
020 ## - INTERNATIONAL STANDARD BOOK NUMBER
International Standard Book Number 9788131719565
Terms of availability 560.00
035 ## - SYSTEM CONTROL NUMBER
System control number B-506584-585
037 ## - SOURCE OF ACQUISITION
Stock number KKP/Ven
040 ## - CATALOGING SOURCE
Original cataloging agency DPL
Language of cataloging English
082 ## - DEWEY DECIMAL CLASSIFICATION NUMBER
Classification number 000
100 ## - MAIN ENTRY--PERSONAL NAME
Personal name Khattar, Dinesh
245 ## - TITLE STATEMENT
Title The pearson guide to Quantitative aptitudefor competitive examinations /
Remainder of title by Dinesh Khattar
246 ## - VARYING FORM OF TITLE
Title proper/short title Quantitative aptitudefor
260 ## - PUBLICATION, DISTRIBUTION, ETC. (IMPRINT)
Place of publication, distribution, etc Delhi
Name of publisher, distributor, etc Pearson Education
Date of publication, distribution, etc 20?
270 ## - ADDRESS
Address 7th Floor, Knowledge Boulevard, A-8(A), Sec-62
City Noida
Postal code 201309
300 ## - PHYSICAL DESCRIPTION
Extent Various pages
Dimensions 25 cm (pbk)
500 ## - GENERAL NOTE
General note .
942 ## - ADDED ENTRY ELEMENTS (KOHA)
Source of classification or shelving scheme Dewey Decimal Classification
Item type English Books
Call number suffix KHA
Classification part 000
Holdings
Withdrawn status Lost status Source of classification or shelving scheme Damaged status Not for loan Collection code Home library Current library Date acquired Source of acquisition Cost, normal purchase price Total Checkouts Full call number Barcode Date last seen Copy number Cost, replacement price Koha item type
    Dewey Decimal Classification     Non-fiction Sarojini Nagar Sarojini Nagar 28/05/2013 KKP/BL3018/19.3.13/172/19.3.13/22.3.13 560.00   000 KHA B-506584 28/05/2013 1 560.00 English Books
    Dewey Decimal Classification   Not For Loan Reference South Zone Lib (REF) South Zone Lib (REF) 28/05/2013 KKP/BL3018/19.3.13/172/19.3.13/22.3.13 560.00   000 KHA B-506585 28/05/2013 1 560.00 English Books

© Delhi Public Library
Hit Counter
free hit counter